[Event "Dundee & Angus Open"]
[Site "?"]
[Date "2014.11.11"]
[Round "2"]
[White "Abdulla, Murad"]
[Black "Underwood, Jamie"]
[Result "1-0"]
[WhiteElo "1983"]
[BlackElo "1568"]
[PlyCount "47"]
[EventDate "2014.??.??"]

1. d4 Nf6 2. c4 c5 3. Nf3 e6 4. Nc3 d5 5. e3 Nc6 6. Be2 dxc4 7. Bxc4 cxd4 8.
exd4 Be7 9. O-O O-O 10. h3 b6 11. Be3 Bb7 12. Qe2 Rc8 13. Rfd1 Qc7 14. Rac1
Rfd8 15. Bd3 Qd7 16. Ne5 Nxe5 17. dxe5 Nd5 18. Nxd5 Bxd5 19. Bb5 Qb7 20. Ba6
Rxc1 21. Bxb7 Rxd1+ 22. Qxd1 Bxb7 23. Qa4 g6 24. Qxa7 1-0

[Event "Dundee & Angus Open"]
[Site "?"]
[Date "2014.10.11"]
[Round "3"]
[White "Swan (FM), Iain"]
[Black "Bremner, Adam"]
[Result "1/2-1/2"]
[WhiteElo "2197"]
[BlackElo "2157"]
[PlyCount "55"]
[EventDate "2014.??.??"]

1. e4 c5 2. Nf3 Nc6 3. d4 cxd4 4. Nxd4 g6 5. c4 Nf6 6. Nc3 Nxd4 7. Qxd4 d6 8.
Be3 Bg7 9. f3 O-O 10. Qd2 Qa5 11. Be2 Be6 12. Rc1 Rfc8 13. b3 a6 14. Nd5 Qxd2+
15. Kxd2 Nxd5 16. cxd5 Bd7 17. Rxc8+ Rxc8 18. Rc1 Rxc1 19. Kxc1 Kf8 20. Kc2 f5
21. g4 fxe4 22. fxe4 Be5 23. h3 e6 24. a4 exd5 25. exd5 Kg7 26. Kd3 b5 27. Bd1
h5 28. Ke4 1/2-1/2

[Event "Dundee & Angus Open"]
[Site "?"]
[Date "2014.10.11"]
[Round "3"]
[White "Romilly, Peter"]
[Black "Hogg, Stephen"]
[Result "0-1"]
[WhiteElo "2096"]
[BlackElo "1930"]
[PlyCount "36"]
[EventDate "2014.??.??"]

1. e4 c6 2. d4 d5 3. exd5 cxd5 4. c4 Nf6 5. Nc3 e6 6. Nf3 Bb4 7. Bg5 O-O 8. Qc2
Nc6 9. Rd1 b6 10. Bd3 h6 11. Bxf6 Qxf6 12. cxd5 exd5 13. O-O Bxc3 14. bxc3 Bg4
15. Be2 Rfe8 16. Rd2 Rac8 17. Qb3 Qf4 18. Rfd1 Bxf3 0-1

[Event "Dundee & Angus Open"]
[Site "?"]
[Date "2014.10.11"]
[Round "3"]
[White "Parks, Joe"]
[Black "Pannwitz, Kai"]
[Result "1-0"]
[WhiteElo "1871"]
[BlackElo "1738"]
[PlyCount "67"]
[EventDate "2014.??.??"]

1. d4 Nf6 2. Nf3 c5 3. e3 e6 4. Bd3 Be7 5. O-O O-O 6. b3 b6 7. Bb2 Bb7 8. Nbd2
d6 9. c4 Qc7 10. Re1 Nbd7 11. Rc1 Rac8 12. Bb1 Rfd8 13. Qc2 d5 14. cxd5 Bxd5
15. e4 Ba8 16. e5 Qb7 17. exf6 Nxf6 18. d5 Qxd5 19. Bxf6 Bxf6 20. Qxh7+ Kf8 21.
Be4 Qd6 22. Bxa8 Rxa8 23. Ne4 Qf4 24. Nxf6 Qxf6 25. Rcd1 Ke7 26. Qh4 b5 27.
Qxf6+ Kxf6 28. Kf1 c4 29. bxc4 bxc4 30. Rxd8 Rxd8 31. Rc1 Rc8 32. Ke2 Rb8 33.
Rc2 g5 34. Nd2 1-0

[Event "Dundee & Angus Open"]
[Site "?"]
[Date "2014.10.11"]
[Round "3"]
[White "Dawson, Alastair"]
[Black "Sykes, Chris"]
[Result "1/2-1/2"]
[WhiteElo "1817"]
[BlackElo "1849"]
[PlyCount "37"]
[EventDate "2014.??.??"]

1. d4 d5 2. Nf3 Nf6 3. Bf4 c6 4. c3 Bf5 5. e3 Qb6 6. Qb3 Qxb3 7. axb3 Nbd7 8.
Be2 e6 9. h3 Be7 10. O-O O-O 11. Nbd2 Ne4 12. Nxe4 dxe4 13. Nd2 g5 14. Bh2 Nf6
15. g4 Bg6 16. Nc4 a6 17. Na5 Ra7 18. b4 Nd5 19. Nb3 1/2-1/2

[Event "Dundee & Angus Open"]
[Site "?"]
[Date "2014.09.11"]
[Round "3"]
[White "Underwood, Jamie"]
[Black "Ridge, Mike"]
[Result "1/2-1/2"]
[WhiteElo "1568"]
[BlackElo "1881"]
[PlyCount "44"]
[EventDate "2014.??.??"]

1. c4 Nc6 2. g3 d5 3. cxd5 Qxd5 4. Nf3 Nf6 5. Nc3 Qh5 6. Bg2 Bh3 7. Bxh3 Qxh3
8. d3 O-O-O 9. Be3 Ng4 10. Qd2 Nxe3 11. Qxe3 f6 12. O-O-O e5 13. Kb1 Nd4 14.
Qe4 Qd7 15. e3 Nxf3 16. Qxf3 f5 17. d4 e4 18. Qe2 Kb8 19. Rc1 c6 20. Rhd1 Bb4
21. a3 Bxc3 22. Rxc3 Rhe8 1/2-1/2

[Event "Dundee & Angus Open"]
[Site "?"]
[Date "2014.10.11"]
[Round "3"]
[White "Neave, George"]
[Black "Birkett, Richard"]
[Result "1/2-1/2"]
[WhiteElo "2166"]
[BlackElo "1934"]
[PlyCount "64"]
[EventDate "2014.??.??"]

1. d4 f5 2. Nc3 Nf6 3. Bg5 d5 4. f3 c6 5. Qd2 h6 6. Bxf6 exf6 7. e4 Bb4 8. exf5
Bxf5 9. Bd3 Bxd3 10. Qxd3 O-O 11. Nge2 Nd7 12. O-O Bd6 13. Ng3 Qc7 14. Qg6 Bxg3
15. hxg3 f5 16. Rfe1 Rf6 17. Re8+ Rxe8 18. Qxe8+ Nf8 19. Qe5 Qb6 20. Rb1 Re6
21. Qf4 Ng6 22. Qd2 Qc7 23. Ne2 Qe7 24. Kf2 f4 25. Nxf4 Nxf4 26. gxf4 Qh4+ 27.
Kg1 Rf6 28. Re1 Rxf4 29. Re8+ Rf8 30. Qe3 Rxe8 31. Qxe8+ Kh7 32. Qe5 Kg6
1/2-1/2

[Event "Dundee & Angus Open"]
[Site "?"]
[Date "2014.10.11"]
[Round "3"]
[White "Greet (IM), Andrew"]
[Black "Findlay, David"]
[Result "1-0"]
[WhiteElo "2474"]
[BlackElo "2184"]
[PlyCount "63"]
[EventDate "2014.??.??"]

1. d4 c5 2. d5 e5 3. e4 d6 4. Nc3 Ne7 5. Bb5+ Nd7 6. a4 a6 7. Bd3 b6 8. h4 h5
9. Nh3 g6 10. Qe2 Bg7 11. f3 O-O 12. Ng5 Nf6 13. Rb1 Bb7 14. Nd1 Qd7 15. b3 Kh8
16. Ne3 Ra7 17. Bd2 Nc8 18. g3 Re8 19. b4 Kg8 20. bxc5 dxc5 21. Ra1 Nxd5 22.
Bc4 Nxe3 23. Bxf7+ Qxf7 24. Nxf7 Nxc2+ 25. Kf2 Nxa1 26. Ng5 Nd6 27. Rxa1 Bc6
28. Be3 a5 29. Rd1 Nf7 30. Qc4 Bf6 31. Nxf7 Rxf7 32. Rd6 1-0

[Event "Dundee & Angus Open"]
[Site "?"]
[Date "2014.10.11"]
[Round "3"]
[White "Durno (WFM), Joy"]
[Black "Bamber (WFM), Elaine"]
[Result "0-1"]
[WhiteElo "1732"]
[BlackElo "2136"]
[PlyCount "39"]
[EventDate "2014.??.??"]

1. d4 Nf6 2. c4 e6 3. Nf3 d5 4. g3 c6 5. Bg2 Nbd7 6. O-O Be7 7. Nc3 dxc4 8. Nd2
Nb6 9. e3 e5 10. dxe5 Ng4 11. Nf3 Qc7 12. Qd4 Be6 13. Ne4 O-O 14. Nc5 Bxc5 15.
Qxc5 Rfd8 16. e4 Nd7 17. Qd6 Qb6 18. Bg5 Ndf6 19. Qa3 Rd3 20. Qa4 0-1

[Event "Dundee & Angus Open"]
[Site "?"]
[Date "2014.10.11"]
[Round "3"]
[White "Jennings, Richard"]
[Black "Abdulla, Murad"]
[Result "0-1"]
[WhiteElo "1820"]
[BlackElo "1983"]
[PlyCount "122"]
[EventDate "2014.??.??"]

1. c4 c5 2. g3 g6 3. Bg2 Bg7 4. Nf3 Nc6 5. O-O e5 6. Nc3 Nge7 7. d3 d6 8. Bd2
O-O 9. Qc1 a6 10. Ne1 Rb8 11. Bh6 b5 12. Bxg7 Kxg7 13. b3 Be6 14. Nc2 Qd7 15.
Re1 f6 16. Ne3 Bf7 17. Qd2 h6 18. Ncd5 Nxd5 19. Nxd5 Ne7 20. Nxe7 Qxe7 21. Qa5
Qa7 22. a3 Qb6 23. Qxb6 Rxb6 24. f4 bxc4 25. bxc4 Rfb8 26. Kf2 Be8 27. Ke3 Rb2
28. h3 Bd7 29. g4 a5 30. Be4 a4 31. f5 g5 32. Rec1 R8b6 33. Rd1 Rc2 34. Rd2 Rc3
35. Rda2 h5 36. Bd5 h4 37. Be4 Rcb3 38. Bd5 Kf8 39. Be4 Bc6 40. Bxc6 Rxc6 41.
Kd2 Ke7 42. e4 Rcb6 43. Kc2 Rb7 44. Rd1 Kd7 45. Rda1 d5 46. exd5 e4 47. dxe4
Rxh3 48. Rd1 Re3 49. Raa1 Rxe4 50. Rg1 Rxc4+ 51. Kd3 Rd4+ 52. Ke2 Rb2+ 53. Ke3
Rb3+ 54. Ke2 Rxd5 55. Ra2 c4 56. Rc1 c3 57. Rd1 Rxd1 58. Kxd1 Rb1+ 59. Kc2 Rb2+
60. Rxb2 cxb2 61. Kxb2 h3 0-1

[Event "Dundee & Angus Open"]
[Site "?"]
[Date "2014.10.11"]
[Round "3"]
[White "Tsang, Sai Kong"]
[Black "Maxwell, Daniel"]
[Result "0-1"]
[WhiteElo "1846"]
[BlackElo "2081"]
[PlyCount "58"]
[EventDate "2014.??.??"]

1. e4 e6 2. d3 c5 3. Nf3 Nc6 4. g3 g6 5. Bg2 Bg7 6. c3 Nge7 7. O-O d5 8. Bd2
O-O 9. Na3 b6 10. Re1 Ba6 11. Bf1 e5 12. exd5 Qxd5 13. Nc4 Rad8 14. Qe2 f6 15.
Rad1 Bb7 16. Bc1 Nd4 17. cxd4 Qxf3 18. Qxf3 Bxf3 19. Be2 Bxe2 20. Rxe2 Rxd4 21.
Be3 Rd7 22. Red2 Nd5 23. a3 f5 24. f4 exf4 25. Bxf4 Nxf4 26. gxf4 Re8 27. Kf2
Rd4 28. Kg3 b5 29. Na5 Bh6 0-1

[Event "Dundee & Angus Open"]
[Site "?"]
[Date "2014.10.11"]
[Round "3"]
[White "Robinson, Stephen"]
[Black "Mitchell, Jeremy"]
[Result "0-1"]
[WhiteElo "1843"]
[BlackElo "1812"]
[PlyCount "74"]
[EventDate "2014.??.??"]

1. d4 d5 2. Nc3 c6 3. Bg5 Bf5 4. Qd2 Nd7 5. f3 Ngf6 6. e4 dxe4 7. Qf4 Bg6 8.
fxe4 Qb6 9. O-O-O e6 10. Nf3 Bb4 11. Bd3 Bxc3 12. bxc3 Qa5 13. Kd2 O-O 14. g4
c5 15. Bxf6 Nxf6 16. g5 Nd7 17. Ne5 Rad8 18. Nc4 Qa4 19. h4 Bh5 20. Rb1 cxd4
21. cxd4 Nc5 22. e5 Nxd3 23. cxd3 b5 24. Nb2 Qxa2 25. Ke3 a5 26. Qf2 a4 27. Ra1
Qd5 28. Qf4 a3 29. Qe4 axb2 30. Rab1 Qa2 31. Qg2 Qa4 32. Qxb2 Qa8 33. Rhf1 Rd5
34. Rf4 Qa7 35. Kd2 Rfd8 36. Ra1 Qb6 37. Ra4 Qc6 {illegible} 0-1

[Event "Dundee & Angus Open"]
[Site "?"]
[Date "2014.10.11"]
[Round "3"]
[White "Wynarczyk, Raymond"]
[Black "Sanger, Mark"]
[Result "0-1"]
[WhiteElo "1953"]
[BlackElo "2046"]
[PlyCount "48"]
[EventDate "2014.??.??"]

1. e4 e6 2. d4 d5 3. Nc3 Nf6 4. Bg5 Be7 5. e5 Nfd7 6. h4 a6 7. Qg4 f5 8. Bxe7
Qxe7 9. Qf4 c5 10. Nf3 Nc6 11. dxc5 Nxc5 12. O-O-O b5 13. g4 b4 14. Ne2 O-O 15.
Ned4 Nxd4 16. Nxd4 fxg4 17. Qxg4 Ne4 18. Bd3 Nxf2 19. Qh5 g6 20. Rhg1 Nxd1 21.
Bxg6 Kh8 22. Rxd1 Ra7 23. Bd3 Qf7 24. Qh6 Qf4+ {illegible} 0-1

[Event "Dundee & Angus Open"]
[Site "?"]
[Date "2014.10.11"]
[Round "3"]
[White "Newton, Andrew"]
[Black "Lothian, Robert"]
[Result "0-1"]
[WhiteElo "1936"]
[BlackElo "2084"]
[PlyCount "96"]
[EventDate "2014.??.??"]

1. e4 c6 2. d4 d5 3. Nc3 dxe4 4. Nxe4 Nf6 5. Nxf6+ exf6 6. Nf3 Bf5 7. c3 Bd6 8.
Bc4 O-O 9. Be3 Nd7 10. Nh4 Be4 11. Qg4 Re8 12. O-O-O g6 13. Bd2 f5 14. Qh3 b5
15. Bb3 c5 16. Bxf7+ Kxf7 17. Nxf5 Nf6 18. Nh6+ Kg7 19. dxc5 Qa5 20. Bg5 Be7
21. Qe6 Nd5 22. Qf7+ Kh8 23. Rxd5 Bxg5+ 24. Rxg5 Rf8 25. Qd7 Qa4 26. Qd4+ Qxd4
27. cxd4 Rxf2 28. Re1 Bxg2 29. Rge5 Rf4 30. Rg5 Bf3 31. Re3 Kg7 32. Rg3 Bh5 33.
d5 Kxh6 34. d6 Rc8 35. Rc3 Rd4 36. Rg1 Rd5 37. b4 Rxd6 38. Rg2 Rd4 39. a3 a5
40. bxa5 Rd5 41. Rgc2 Rc6 42. Kb2 Bg4 43. Ka2 Bf5 44. Rc1 Rd2+ 45. Ka1 Rd4 46.
Kb2 b4 47. axb4 Rxb4+ 48. Rb3 Ra4 {illegible} 0-1

[Event "Dundee & Angus Open"]
[Site "?"]
[Date "2014.10.11"]
[Round "3"]
[White "Doyle, James"]
[Black "Rodriguez, Luis R"]
[Result "1-0"]
[WhiteElo "1883"]
[BlackElo "1825"]
[PlyCount "94"]
[EventDate "2014.??.??"]

1. d4 d5 2. c4 c6 3. Nc3 Nf6 4. e3 Bf5 5. Nf3 Nbd7 6. Be2 e6 7. O-O Be7 8. a3
O-O 9. Nh4 Bg6 10. Nxg6 hxg6 11. Qc2 Rc8 12. b4 a5 13. Rb1 axb4 14. axb4 e5 15.
c5 e4 16. b5 Re8 17. Bd2 Nf8 18. Na4 N6d7 19. bxc6 bxc6 20. Nb6 Nxb6 21. Rxb6
Qd7 22. Rfb1 Bd8 23. Rb7 Rc7 24. Qb3 Ne6 25. Ba6 Ng5 26. Qd1 Qg4 27. Be2 Qd7
28. Rb8 Ra7 29. Qb3 Re7 30. Qb2 Kh7 31. Ra1 Rxa1+ 32. Qxa1 Bc7 33. Ra8 Qf5 34.
Qf1 Qe6 35. h4 Nf3+ 36. gxf3 exf3 37. Bxf3 Qf5 38. Be2 Qe4 39. f4 Qc2 40. Qd1
Qf5 41. Bg4 Qd3 42. Ra2 Bxf4 43. exf4 Rb7 44. Be1 Qe3+ 45. Bf2 Qe4 46. Bf3 Qf5
47. Kg2 Qc2 1-0

[Event "Dundee & Angus Open"]
[Site "?"]
[Date "2014.10.11"]
[Round "3"]
[White "White, Stuart"]
[Black "James, Chris"]
[Result "1-0"]
[WhiteElo "2007"]
[BlackElo "1848"]
[PlyCount "90"]
[EventDate "2014.??.??"]

1. d4 f5 2. Bg5 g6 3. Nc3 Nh6 4. Nf3 Nf7 5. h4 Nxg5 6. hxg5 d5 7. Qd2 Bg7 8.
O-O-O e6 9. g3 Nd7 10. Qf4 a6 11. Bg2 b6 12. Ne5 Nxe5 13. dxe5 c6 14. e4 Qc7
15. exd5 cxd5 16. Rhe1 Bb7 17. Qd4 Rc8 18. f4 Bf8 19. Qa4+ b5 20. Qb3 Qc4 21.
Qxc4 Rxc4 22. Bf1 Rc7 23. Ne2 Bc5 24. Nd4 Ke7 25. Re2 h5 26. gxh6 Rxh6 27. Nf3
Rc8 28. a3 Bb6 29. c3 a5 30. Rc2 b4 31. axb4 axb4 32. cxb4 Bf2 33. Rxc8 Bxc8
34. Kd2 Bxg3 35. Ke3 Bb7 36. Ra1 Rh1 37. Ra7 Rxf1 38. Rxb7+ Kd8 39. b5 d4+ 40.
Nxd4 Bxf4+ 41. Ke2 Bxe5 42. Nc6+ Kc8 43. Nxe5 Rb1 44. Rb6 Rxb2+ 45. Kd3 Kc7 1-0

[Event "Dundee & Angus Open"]
[Site "?"]
[Date "2014.10.11"]
[Round "3"]
[White "Wynarczyk, Raymond"]
[Black "Sanger, Mark"]
[Result "0-1"]
[WhiteElo "1953"]
[BlackElo "2046"]
[PlyCount "66"]
[EventDate "2014.??.??"]

1. e4 e6 2. d4 d5 3. Nc3 Nf6 4. Bg5 Be7 5. e5 Nfd7 6. h4 a6 7. Qg4 f5 8. Bxe7
Qxe7 9. Qf4 c5 10. Nf3 Nc6 11. dxc5 Nxc5 12. O-O-O b5 13. g4 b4 14. Ne2 O-O 15.
Ned4 Nxd4 16. Nxd4 fxg4 17. Qxg4 Ne4 18. Bd3 Nxf2 19. Qh5 g6 20. Rhg1 Nxd1 21.
Bxg6 Kh8 22. Kxd1 Ra7 23. Bd3 Qf7 24. Qh6 Qf4 25. Rg5 Raf7 26. Ne2 Qf1+ 27. Kd2
Bd7 28. Rh5 Bb5 29. Qxe6 Bxd3 30. cxd3 Rf2 31. Qg4 Rg2 32. Rxh7+ Kxh7 33. Qh5+
Kg7 0-1

[Event "Dundee & Angus Open"]
[Site "?"]
[Date "2014.10.12"]
[Round "4"]
[White "Findlay, David"]
[Black "Durno (WFM), Joy"]
[Result "1-0"]
[WhiteElo "2184"]
[BlackElo "1732"]
[PlyCount "55"]
[EventDate "2014.??.??"]

1. e4 c5 2. Nf3 d6 3. d4 cxd4 4. Nxd4 Nf6 5. Nc3 e6 6. f4 a6 7. Bd3 b5 8. e5
Nfd7 9. Qf3 d5 10. Be3 Bb7 11. Qg3 Nc6 12. Nce2 g6 13. h4 Nb4 14. h5 Nxd3+ 15.
cxd3 Bb4+ 16. Kf2 Rg8 17. hxg6 hxg6 18. f5 Qe7 19. Bg5 Qc5 20. fxe6 fxe6 21. a3
Qf8+ 22. Ke3 Bc5 23. Kd2 Bxd4 24. Nxd4 Nb6 25. Rh7 Bc8 26. Re7+ Qxe7 27. Bxe7
Kxe7 28. Qh4+ 1-0

[Event "Dundee & Angus Open"]
[Site "?"]
[Date "2014.10.12"]
[Round "4"]
[White "Sykes, Chris"]
[Black "Newton, Andrew"]
[Result "0-1"]
[WhiteElo "1849"]
[BlackElo "1936"]
[PlyCount "112"]
[EventDate "2014.??.??"]

1. d4 c5 2. d5 e6 3. Nc3 exd5 4. Nxd5 Nc6 5. Nf3 Be7 6. Bf4 d6 7. Nxe7 Kxe7 8.
Qd2 d5 9. O-O-O Be6 10. Qc3 Qa5 11. Qxg7 Qxa2 12. Qxh8 d4 13. Nd2 Qa1+ 14. Nb1
Ba2 15. Bg5+ Kf8 16. Bf6 Qxb1+ 17. Kd2 Qxb2 18. Qg7+ Ke8 19. Qxg8+ Kd7 20. Qg4+
Kc7 21. Qf4+ Kb6 22. Ke1 Nb4 23. f3 Qxc2 24. Qd2 Qf5 25. Qg5 Qe6 26. Bd8+ Kc6
27. Qf6 Rxd8 28. Qxd8 Nc2+ 29. Kf2 Qe3+ 30. Kg3 Qe5+ 31. Kh3 Be6+ 32. g4 f6 33.
Qe8+ Kb6 34. Rb1+ Nb4 35. Qd8+ Kc6 36. Bg2 Nd5 37. Qe8+ Kc7 38. Rxb7+ Kxb7 39.
Rb1+ Kc7 40. Qb8+ Kd7 41. Qb5+ Kd6 42. Qb8+ Kd7 43. Qb5+ Kd8 44. Qa5+ Ke8 45.
Qa4+ Bd7 46. Qc2 Nf4+ 47. Kg3 Nd3+ 48. Kh4 Qxh2+ 49. Bh3 Qf2+ 50. Kh5 Nf4+ 51.
Kh6 Qh4+ 52. Kg7 Qg5+ 53. Kh8 Ng6+ 54. Kg7 Ne5+ 55. Kxh7 Kf7 56. Qa2+ c4 0-1

[Event "Dundee & Angus Open"]
[Site "?"]
[Date "2014.10.12"]
[Round "4"]
[White "Pannwitz, Kai"]
[Black "Robinson, Stephen"]
[Result "1-0"]
[WhiteElo "1738"]
[BlackElo "1843"]
[PlyCount "63"]
[EventDate "2014.??.??"]

1. d4 e6 2. c4 f5 3. Nf3 Nf6 4. Nc3 c6 5. g3 d5 6. Bg2 Bd6 7. O-O O-O 8. Bf4
Bxf4 9. gxf4 Ne4 10. Qc2 Nd7 11. e3 Rf6 12. Ne2 Rh6 13. b4 Nf8 14. b5 Ng6 15.
Ng3 Nh4 16. Ne5 Nxg2 17. Kxg2 Qh4 18. Rh1 Qh3+ 19. Kg1 g5 20. cxd5 exd5 21.
bxc6 bxc6 22. Nxc6 Be6 23. Rb1 gxf4 24. exf4 Qh4 25. Qd1 Kh8 26. Rb8+ Rxb8 27.
Nxb8 Qd8 28. Nc6 Qc7 29. Kg2 Rh4 30. Kf3 Qb6 31. Ke3 Qc7 32. Ne5 {illegible}
1-0

[Event "Dundee & Angus Open"]
[Site "?"]
[Date "2014.10.12"]
[Round "4"]
[White "Hogg, Stephen"]
[Black "Maxwell, Daniel"]
[Result "1/2-1/2"]
[WhiteElo "1930"]
[BlackElo "2081"]
[PlyCount "96"]
[EventDate "2014.??.??"]

1. Nf3 g6 2. c4 Bg7 3. Nc3 Nf6 4. d4 d6 5. Bg5 h6 6. Bh4 g5 7. Bg3 Nh5 8. e3
Nc6 9. Be2 Nxg3 10. hxg3 e5 11. dxe5 Nxe5 12. Qc2 Be6 13. Nd4 Qd7 14. Ncb5 a6
15. Nxe6 fxe6 16. Nd4 O-O-O 17. O-O-O c5 18. Nb3 Qf7 19. Bh5 Qf5 20. Qxf5 exf5
21. Be2 Rhf8 22. f4 Nc6 23. Bf3 g4 24. Bd5 Kc7 25. e4 Rde8 26. Rde1 Nb4 27. Kb1
Nd3 28. Re2 fxe4 29. Rxe4 Rxe4 30. Bxe4 Nxb2 31. Rh4 Nxc4 32. Rxg4 Bh8 33. Rg6
Re8 34. Bf3 a5 35. Kc2 a4 36. Nd2 Ne3+ 37. Kc1 d5 38. Rxh6 c4 39. Bxd5 Nxd5 40.
Nxc4 Nc3 41. Rh7+ Kd8 42. Rxb7 Nxa2+ 43. Kd2 Bc3+ 44. Kd3 Re1 45. Ra7 Rd1+ 46.
Kc2 Rg1 47. Rxa4 Rxg2+ 48. Kb3 Be1 1/2-1/2

[Event "Dundee & Angus Open"]
[Site "?"]
[Date "2014.10.12"]
[Round "4"]
[White "Bamber (WFM), Elaine"]
[Black "Neave, George"]
[Result "0-1"]
[WhiteElo "2136"]
[BlackElo "2166"]
[PlyCount "72"]
[EventDate "2014.??.??"]

1. e4 e5 2. Nf3 Nc6 3. d4 exd4 4. Nxd4 Nf6 5. Nxc6 bxc6 6. e5 Qe7 7. Qe2 Nd5 8.
c4 Ba6 9. b3 g6 10. g3 Bg7 11. Bb2 O-O 12. Bg2 Rae8 13. O-O Bxe5 14. Qxe5 Qxe5
15. Bxe5 Rxe5 16. cxd5 Bxf1 17. Kxf1 cxd5 18. f4 Re3 19. Bxd5 Rd3 20. Bf3 Re8
21. Kf2 d5 22. Be2 Rde3 23. Bb5 c6 24. Bxc6 Re2+ 25. Kf1 Re1+ 26. Kf2 R8e2+ 27.
Kf3 d4 28. f5 Rxh2 29. fxg6 hxg6 30. g4 g5 31. Kg3 Rb2 32. b4 Rbxb1 33. Rxb1
Rxb1 34. Kf3 Rxb4 35. Bd7 d3 36. Bf5 Rd4 0-1

[Event "Dundee & Angus Open"]
[Site "?"]
[Date "2014.10.12"]
[Round "4"]
[White "Birkett, Raymond"]
[Black "Wynarczyk, Richard"]
[Result "1-0"]
[WhiteElo "1934"]
[BlackElo "1953"]
[PlyCount "66"]
[EventDate "2014.??.??"]

1. e4 c5 2. Nf3 e6 3. d4 cxd4 4. Qxd4 Nc6 5. Qd1 Nf6 6. Bd3 Nb4 7. e5 Nxd3+ 8.
Qxd3 Nd5 9. a3 Be7 10. c4 Nb6 11. Be3 Qc7 12. Nbd2 O-O 13. Rc1 Nd5 14. Bd4 Nf4
15. Qe4 Ng6 16. O-O d6 17. Rfd1 Bd7 18. Qe3 b6 19. Ne4 dxe5 20. Nxe5 Ba4 21.
Nxg6 hxg6 22. b3 Bc6 23. c5 e5 24. cxb6 exd4 25. bxc7 dxe3 26. Rxc6 exf2+ 27.
Kxf2 Bxa3 28. Ra6 Be7 29. Rd7 Rfe8 30. Nd6 Bxd6 31. Raxd6 Kf8 32. Rd8 Ke7 33.
R6d7+ Kf8 1-0

[Event "Dundee & Angus Open"]
[Site "?"]
[Date "2014.10.12"]
[Round "4"]
[White "Lothian, Robert"]
[Black "White, Stuart"]
[Result "1/2-1/2"]
[WhiteElo "2084"]
[BlackElo "2007"]
[PlyCount "51"]
[EventDate "2014.??.??"]

1. d4 e6 2. c4 f5 3. Nf3 Nf6 4. e3 b6 5. Bd3 Bb7 6. O-O Be7 7. b3 O-O 8. Bb2
Qe8 9. Nc3 Ne4 10. Nd2 Nxc3 11. Bxc3 Qg6 12. f3 c5 13. Qe2 Bf6 14. f4 Nc6 15.
Nf3 d6 16. Rad1 Rae8 17. Qc2 Nb4 18. Bxb4 cxb4 19. d5 Bc3 20. dxe6 Qxe6 21. Qf2
g6 22. Bb1 Rf6 23. Rd3 Be4 24. Ng5 Qe7 25. Nxe4 fxe4 26. Rd5 1/2-1/2

[Event "Dundee & Angus Open"]
[Site "?"]
[Date "2014.10.12"]
[Round "4"]
[White "James, Chris"]
[Black "Underwood, Jamie"]
[Result "1/2-1/2"]
[WhiteElo "1848"]
[BlackElo "1568"]
[PlyCount "59"]
[EventDate "2014.??.??"]

1. e4 e5 2. Nc3 Nc6 3. f4 Bc5 4. Nf3 d6 5. Bb5 Nge7 6. Na4 Bb6 7. Nxb6 axb6 8.
O-O O-O 9. d4 Nxd4 10. Nxd4 exd4 11. Qxd4 c6 12. Bd3 d5 13. Qf2 dxe4 14. Bxe4
Bf5 15. Re1 Re8 16. Bd2 Qc7 17. Bxf5 Nxf5 18. Bc3 f6 19. a3 Nd6 20. Qf3 Rad8
21. Rad1 Nb5 22. Rxe8+ Rxe8 23. Be1 Kf8 24. Bf2 c5 25. Qd3 Nd4 26. Bxd4 cxd4
27. Qxh7 Qxf4 28. Qh8+ Kf7 29. Qh5+ Kf8 30. Qh8+ 1/2-1/2

[Event "Dundee & Angus Open"]
[Site "?"]
[Date "2014.10.12"]
[Round "4"]
[White "Dawson, Alastair"]
[Black "Romilly, Peter"]
[Result "1/2-1/2"]
[WhiteElo "1817"]
[BlackElo "2096"]
[PlyCount "57"]
[EventDate "2014.??.??"]

1. d4 Nf6 2. Nf3 e6 3. g3 b6 4. Bg2 Bb7 5. O-O Be7 6. c4 O-O 7. d5 exd5 8. Nh4
c6 9. cxd5 Nxd5 10. Nf5 Bf6 11. e4 Ne7 12. Nd6 Ba6 13. Re1 Nc8 14. e5 Nxd6 15.
exd6 Bc4 16. Nc3 Na6 17. Qa4 Bd3 18. Qa3 Nc5 19. Be3 Ne6 20. Nd5 cxd5 21. Qxd3
Bxb2 22. Rab1 Qf6 23. Bxd5 Rac8 24. Bb7 Nc5 25. Bxc5 Rxc5 26. Re7 Bd4 27. Re2
Rc3 28. Qd2 Ra3 29. Rd1 1/2-1/2

[Event "Dundee & Angus Open"]
[Site "?"]
[Date "2014.10.12"]
[Round "4"]
[White "Bremner, Adam"]
[Black "Greet (IM), Andrew"]
[Result "1/2-1/2"]
[WhiteElo "2157"]
[BlackElo "2474"]
[PlyCount "76"]
[EventDate "2014.??.??"]

1. d4 e6 2. Nf3 Nf6 3. c4 b6 4. g3 Ba6 5. Qc2 Bb4+ 6. Bd2 Be7 7. e4 d5 8. cxd5
Bxf1 9. Kxf1 exd5 10. e5 Ne4 11. Nc3 Nxc3 12. bxc3 c5 13. Kg2 Nc6 14. h4 Qd7
15. Rae1 cxd4 16. cxd4 Rc8 17. Qd3 Qe6 18. Ng1 Qg6 19. Qxg6 hxg6 20. Ne2 Bb4
21. Bxb4 Nxb4 22. Nf4 Rc4 23. Rd1 O-O 24. Rd2 Rd8 25. e6 Nc6 26. Rhd1 b5 27.
exf7+ Kxf7 28. Nh3 Re8 29. Nf4 g5 30. Nxd5 Rd8 31. Ne3 Rcxd4 32. Rxd4 Rxd4 33.
Rc1 Rd6 34. Rc5 Nd4 35. Nc2 Nxc2 36. Rxc2 Rd4 37. Rc5 Rb4 38. a4 bxa4 1/2-1/2

[Event "Dundee & Angus Open"]
[Site "?"]
[Date "2014.10.12"]
[Round "4"]
[White "Ridge, Michael"]
[Black "McPheator, Gary"]
[Result "0-1"]
[WhiteElo "1881"]
[BlackElo "1741"]
[PlyCount "112"]
[EventDate "2014.??.??"]

1. e4 c5 2. Nf3 g6 3. d4 cxd4 4. Qxd4 Nf6 5. Nc3 Nc6 6. Qa4 Bg7 7. e5 Ng8 8.
Bf4 a6 9. O-O-O Bh6 10. Bxh6 Nxh6 11. g4 Rb8 12. Qf4 Ng8 13. Ng5 f6 14. exf6
Nxf6 15. Ne6 Qa5 16. Ng7+ Kf7 17. g5 Kxg7 18. gxf6+ exf6 19. Bh3 f5 20. Rhe1 b5
21. Bg2 Qb4 22. Qf3 Rb7 23. Rxd7+ Kh6 24. Rxh7+ Rhxh7 25. Qxc6 Rbe7 26. Rxe7
Rxe7 27. Qf3 Bb7 28. Qh3+ Kg7 29. Bxb7 Qf4+ 30. Kd1 Rxb7 31. Qe3 Rd7+ 32. Ke2
Qg4+ 33. Kf1 b4 34. Qe5+ Kh7 35. Qe6 Rd4 36. Qf7+ Kh6 37. Qf8+ Kh5 38. Qh8+ Kg5
39. h4+ Qxh4 40. Qxh4+ Kxh4 41. Ne2 Rd1+ 42. Kg2 Rd2 43. Nf4 g5 44. Nd3 a5 45.
Ne1 g4 46. a3 bxa3 47. bxa3 Rd1 48. Kf1 Ra1 49. Ke2 Rxa3 50. Ng2+ Kg5 51. Ne3
f4 52. Nd5 g3 53. fxg3 fxg3 54. c4 Kg4 55. c5 g2 56. Nf6+ Kh3 0-1

[Event "Dundee & Angus Open"]
[Site "?"]
[Date "2014.10.11"]
[Round "4"]
[White "Jennings, Richard"]
[Black "Doyle, James"]
[Result "0-1"]
[WhiteElo "1820"]
[BlackElo "1883"]
[PlyCount "100"]
[EventDate "2014.??.??"]

1. c4 Nf6 2. g3 e5 3. Bg2 Bc5 4. Nc3 O-O 5. e3 Nc6 6. Nge2 Re8 7. O-O d6 8. Na4
Bb6 9. Nxb6 axb6 10. d4 e4 11. Bd2 d5 12. cxd5 Nxd5 13. Nc3 f5 14. a3 Na5 15.
Rc1 Be6 16. Nxd5 Bxd5 17. Bxa5 Rxa5 18. Qc2 c6 19. Rfd1 Qd6 20. Qc3 Rea8 21.
Bf1 Kf7 22. Ra1 b5 23. Rac1 Ra4 24. Rd2 b4 25. axb4 Qxb4 26. Qxb4 Rxb4 27. Be2
Ra2 28. Rb1 Ke6 29. g4 g6 30. Kg2 f4 31. Bf1 Rb3 32. Re1 f3+ 33. Kg3 Rbxb2 34.
Rxb2 Rxb2 35. g5 b5 36. h4 b4 37. Rc1 b3 38. Bc4 Rc2 39. Bxd5+ Kxd5 40. Rb1 b2
41. h5 gxh5 42. Kh4 Rxf2 43. Kxh5 Rg2 44. Kh6 f2 45. Kxh7 Rg1 46. Rxb2 f1=Q 47.
g6 Qh3+ 48. Kg7 Qg3 49. Kh8 Qxe3 50. g7 Qxd4 0-1

[Event "Dundee & Angus Open"]
[Site "?"]
[Date "2014.10.12"]
[Round "4"]
[White "Mitchell, Jeremy"]
[Black "Orr (IM), Mark"]
[Result "1/2-1/2"]
[WhiteElo "1812"]
[BlackElo "2197"]
[PlyCount "77"]
[EventDate "2014.??.??"]

1. e4 c5 2. c3 d5 3. exd5 Qxd5 4. d4 Nf6 5. Nf3 e6 6. Be3 cxd4 7. cxd4 Be7 8.
Nc3 Qd8 9. Bc4 O-O 10. O-O Nc6 11. Qe2 Nb4 12. Rac1 Bd7 13. Ne5 Rc8 14. a3 Nbd5
15. Nxd5 Nxd5 16. Bd3 Rxc1 17. Rxc1 Bd6 18. Nxd7 Qxd7 19. Bd2 Rc8 20. Rxc8+
Qxc8 21. g3 Be7 22. Be4 Bf6 23. Bxd5 exd5 24. Qd3 g6 25. Kg2 h5 26. Bf4 Qc6 27.
Be3 Kf8 28. Qd2 Ke8 29. Bg5 Bxg5 30. Qxg5 Qe6 31. Qd2 Kd7 32. f3 Qb6 33. g4
hxg4 34. fxg4 Qe6 35. Kg3 f5 36. gxf5 Qxf5 37. Qf4 Ke6 38. Qg4 Kf6 39. Qxf5+
1/2-1/2